Incollable #15 - Loisir - Statistiques

Statistiques générales
  • Ce quiz a été pris 753 fois
  • Le résultat moyen est 10 sur 14
Statistiques - réponses
Niveaux Questions Réponses % Correct
CP Quelle est la première note de musique dans la gamme ? Le do
100%
CM1 Combien de minutes dure un match de football ? 90 minutes
97%
CE1 Quel animal est Bugs Bunny ? Un lapin
97%
CM1 Combien y a-t-il de notes de musique dans la gamme ? 7 (do, ré, mi, fa, sol, la, si )
93%
CE2 Dans Spiderman 3, de quelle couleur devient le costume de Spiderman ? Noir
92%
CP En 2009, au Monopoly Junior, combien d’euro touche-t-on chaque fois que l’on passe sur la case départ ? 2€
90%
CM2 Quel coureur a battu les records du 100 m et du 200 m aux Championnats du monde d’athlétisme en 2009 ? Usain Bolt
89%
CE1 Je suis une sorte de tambour africain. Que suis-je ? Le tam-tam | Le djembé
83%
CM2 Comment appelle-t-on un joueur de trombone ? Un tromboniste
79%
Collège En 2008, quelle chanteuse interprète le single Womanizer ? Britney Spears
50%
Lycée En France, quelles récompenses décerne-t-on dans le monde du théâtre ? Les molières
47%
CE2 Comment s’appelle la petite sœur de Titeuf ? Zizie
42%
Lycée Qui est l’auteur du roman adapté au cinéma en 1986 Le Nom de la rose ? Umberto Eco
16%
Collège Comment appelle-t-on l’« ascension d'un couloir rocheux, d'une paroi abrupte, en montagne » ? La varappe
6%
Aucun quiz correspondant
Distribution des résultats
% des personnes avec chaque résultat
Percentile par nombre de réponses
Votre historique - résultats
Vous n’avez pas pris ce quiz